Văn chương bạn đọc sáng tạo

में बचाया:
ग्रंथसूची विवरण
मुख्य लेखक: Phan Trọng Luận
स्वरूप: पुस्तक
भाषा:Undetermined
प्रकाशित: H. ĐHQG 2003
विषय:
टैग : टैग जोड़ें
कोई टैग नहीं, इस रिकॉर्ड को टैग करने वाले पहले व्यक्ति बनें!
Thư viện lưu trữ: Trung tâm Học liệu Trường Đại học Cần Thơ
LEADER 00517nam a2200193Ia 4500
001 CTU_54370
008 210402s9999 xx 000 0 und d
020 |b 31000 
082 |a 807 
082 |b L502 
100 |a Phan Trọng Luận 
245 0 |a Văn chương bạn đọc sáng tạo 
245 0 |c Phan Trọng Luận 
260 |a H. 
260 |b ĐHQG 
260 |c 2003 
650 |a vietnamese literature 
650 |x study and teaching 
980 |a Trung tâm Học liệu Trường Đại học Cần Thơ